LEADER 00757nam0-22002771i-450- 001 990002627200403321 005 20070704123700.0 010 $a0-85227-030-5 035 $a000262720 035 $aFED01000262720 035 $a(Aleph)000262720FED01 035 $a000262720 100 $a20030910d1975----km-y0itay50------ba 101 0 $aeng 102 $aGB 200 1 $aMarketing on a small budget$fedited by Christopher West 210 $aLondon$cAssociated Business Programmes$d1975 215 $a210 p.$d24 cm 702 1$aWest,$bChristopher J. 801 0$aIT$bUNINA$gRICA$2UNIMARC 901 $aBK 912 $a990002627200403321 952 $a4-0-355-TI$b4843$fECA 959 $aECA 996 $aMarketing on a small budget$9432335 997 $aUNINA LEADER 01558nam0 22003733i 450 001 MIL0237164 005 20251003044229.0 010 $a8823001242 100 $a20130923d1993 ||||0itac50 ba 101 | $aita 102 $ait 181 1$6z01$ai $bxxxe 182 1$6z01$an 200 1 $aFondi pensione$eche fare?$fGiuliano Cazzola, Antonella Di Renzo 210 $aRoma$cEDIESSE$d\1993! 215 $a178 p.$d18 cm. 225 | $aGuide 410 0$1001REA0027518$12001 $aGuide 606 $aFondi pensione$2FIR$3CFIC061774$9E 676 $a332.67254$9INVESTIMENTO SUL MERCATO INTERNO DA PARTE DI SPECIFICI TIPI D'ISTITUTO$v21 676 $a346.4508637$9$v20 696 $aFondi pensionistici$aFondi di quiescenza 699 $aFondi pensione$yFondi pensionistici 699 $aFondi pensione$zFondi di quiescenza 700 1$aCazzola$b, Giuliano$3RAVV038436$4070$0117330 701 1$aDi Renzo$b, Antonella$3TO0V045839$4070$0759115 801 3$aIT$bIT-000000$c20130923 850 $aIT-BN0095 901 $bNAP 01$cPOZZO LIB.$nVi sono collocati fondi di economia, periodici di ingegneria e scienze, periodici di economia e statistica e altri fondi comprendenti documenti di economia pervenuti in dono. 912 $aMIL0237164 950 0$aBiblioteca Centralizzata di Ateneo$c1 v.$d 01POZZO LIB.ECON MON 8462$e 0101 0000094555E VMA 1 v. (Precedente collocazione: GUERRAZZI A 146)$fB $h20071218$i20071218 977 $a 01 996 $aFondi pensione$91534247 997 $aUNISANNIO